Detalles MARC
| 000 -LIDER |
| fixed length control field |
00973nam a2200277 a 4500 |
| 001 - NÚMERO DE CONTROL |
| Identificador de número de control |
000030934 |
| 003 - IDENTIFICACDOR DE NÚMERO DE CONTROL |
| control field |
DO-SdBNP |
| 005 - DATE AND TIME OF LATEST TRANSACTION |
| control field |
20180213125408.0 |
| 007 - CAMPOS FIJOS DE DESCRIPCIÓN FÍSICA |
| fixed length control field |
000030934 |
| 008 - ELEMENTOS DE LONGITUD FIJA |
| fixed length control field |
110414s2008 dr c 000 0dspa d |
| 040 ## - FUENTE DE CATALOGACIÓN |
| Agencia que crea de manera original el registro |
BPMET |
| Idioma de catalogación |
spa |
| Agencia que realiza la transcripción |
BPMET |
| 245 00 - MENCIÓN DE TITULO |
| Título |
Ideario de Duarte / |
| Mención de responsabilidad |
compilado y anotado por Vertilio Alfau Durán. |
| 250 ## - MENCIÓN DE EDICION |
| Mención de edición |
25ª ed. |
| 260 ## - PUBLICACIÓN, DISTRIBUCIÓN, ETC. (PIE DE IMPRENTA) |
| Lugar de publicación, distribución, etc |
Santo Domingo : |
| Nombre del editor, distribuidor, etc. |
Instituto Duartiano, |
| Fecha de publicación, distribución, etc |
2013 |
| 300 ## - DESCRIPCIÓN FÍSICA |
| Extensión |
38 p. : |
| Otros detalles físicos |
il., retrs. ; |
| Dimensiones |
21 cm. |
| 600 14 - ENCABEZAMIENTO DE MATERIA--NOMBRE PERSONAL |
| Nombre personal |
DUARTE Y DIEZ, JUAN PABLO, |
| Fechas asociadas con el nombre |
1813-1876 |
| Subdivisión temática general |
PENSAMIENTO POLÍTICO |
| 651 #4 - ENCABEZAMIENTO DE MATERIA--NOMBRE GEOGRÁFICO |
| Nombre geográfico |
REPÚBLICA DOMINICANA |
| Subdivisión temática general |
HISTORIA |
| Subdivisión cronológica |
1844-1930 |
| Subdivisión temática general |
FUENTES |
| 700 1# - ASIENTO SECUNDARIO -- NOMBRE PERSONAL |
| Nombre personal |
Alfau Durán, Vetilio, |
| Fechas asociadas con el nombre |
1905-1985, |
| Mención de responsabilidad |
comp. |
| 910 ## - VALIDACIÓN |
| Validación |
Validado. Control de calidad EMS. |
| 930 #1 - EQUIVALENCE OR CROSS-REFERENCE-UNIFORM TITLE HEADING [LOCAL, CANADA] |
| Language of a work |
BND01 |
| Medium of performance for music |
LF1 |
| Field link and sequence number |
20110608 |
| Date of a work |
01 |
| Name of part/section of a work |
HD |
| Miscellaneous information |
25668 |
| 942 ## - ADDED ENTRY ELEMENTS (KOHA) |
| Source of classification or shelving scheme |
Dewey Decimal Classification |
| Koha item type |
Libros |
| 945 ## - INFORMACIÓN DE PROCESAMIENTO LOCAL |
| Información de procesamiento local |
inventariado, 2018 / dg |
| 956 ## - LOCAL ELECTRONIC LOCATION AND ACCESS (OCLC) |
| Nombre de host |
DGARCIA |
| Número de acceso |
10 |
| Información de compresión |
20110608 |
| Inicio de sesión |
BND01 |
| Procesador de solicitud |
0834 |
| 956 ## - LOCAL ELECTRONIC LOCATION AND ACCESS (OCLC) |
| Nombre de host |
VMATEO |
| Número de acceso |
10 |
| Información de compresión |
20110608 |
| Inicio de sesión |
BND01 |
| Procesador de solicitud |
0855 |
| 956 ## - LOCAL ELECTRONIC LOCATION AND ACCESS (OCLC) |
| Nombre de host |
EMARRERO |
| Número de acceso |
40 |
| Información de compresión |
20110610 |
| Inicio de sesión |
BND01 |
| Procesador de solicitud |
1455 |